| 000 | 00471nam a2200193Ia 4500 | ||
|---|---|---|---|
| 003 | OSt | ||
| 005 | 20240429115954.0 | ||
| 008 | 230312s9999||||xx |||||||||||||| ||und|| | ||
| 020 | _a0-07-118036-2 | ||
| 040 | _bEnglish | ||
| 082 |
_a338.5 _bFRA |
||
| 100 | _aFrank, Robert H | ||
| 245 | 0 | _aPrinciples of Microeconomics | |
| 260 |
_bMcGraw Hill _aLondon _c2001 |
||
| 300 | _a504 | ||
| 546 | _aEng. | ||
| 650 |
_aEconomics _vThinking like an Economist |
||
| 942 |
_cBK _2ddc |
||
| 999 |
_c2190 _d2190 |
||